000 00254nam a2200097Ia 4500
001 1250961
005 20251031150906.0
008 251031s9999 xx 000 0 und d
245 0 _cANITA GANERİ
_aİ-4 GÖLLERİN SUYU ÇIKTI
260 _bTİMAŞ YAYINLARI
999 _c1250961
_d1250961